Benchmarking v HR

Pojem benchmarking - definovanie. Benchmarking v ľudských zdrojoch (HR). HR benchmarking sa prejavuje, keď sa obchodná stratégia pretransformuje do chovania ľudí.

Gespeichert in:
Bibliographische Detailangaben
1. Verfasser: Svoboda, Luděk
Format: Buchkapitel
Sprache:Tschechisch
Schlagworte:
Tags: Tag hinzufügen
Keine Tags, Fügen Sie das erste Tag hinzu!

MARC

LEADER 00000naa$a2200000$$$4500
001 0075266
005 20231113131355.6
041 0 |a cze 
044 |a CZ 
245 1 0 |a Benchmarking v HR  |c Luděk Svoboda 
520 |a Pojem benchmarking - definovanie. Benchmarking v ľudských zdrojoch (HR). HR benchmarking sa prejavuje, keď sa obchodná stratégia pretransformuje do chovania ľudí. 
610 2 0 |a benchmarking 
610 2 0 |a pojmy 
610 2 0 |a zdroje ľudské 
610 2 0 |a riadenie ľudských zdrojov 
610 2 0 |a kontroling 
100 1 |a Svoboda, Luděk